000 00487nam a2200181Ia 4500
001 24506
005 20260414151048.0
008 260414t2011||||xx |||||||||||||| ||spa||
041 _aESP
082 _a345.71
_bP53
100 _aPicó i Junoy, Joan (Dir.)
_eAUT
245 0 _aEl aprendizaje del derecho procesal :
_bnuevos retos de la enseñanza universitaria
260 _c2011
300 _a551 páginas :
_c24 cm.
650 _aDER
654 _aCDE
942 _cLIB
_dJUS
_fJUS
_2ddc
_n
999 _c24506
_d24506